01543 a2200265 4500003000500000005001700005020002000022040000900042082001200051082001200063100001700075245013500092250001100227260003500238300001100273505075500284650003301039650001301072650001301085650002201098700002101120942001201141999001901153952010501172Nust20170207154017.0 a0-471-49187-X ; cNust a621.382 a621.3821 aPitts, J. M.00aIntroduction to IP and ATM design and performance-(E-BOOK)bwith applications analysis software /cJ. M. Pitts and J. A. Schormans a2. ed. aChichester :bWiley,ccop.2000 a303 s. aPART I INTRODUCTORY TOPICS (Page-1) 1 An Introduction to the Technologies of IP and ATM (Page-3)2 Traffic Issues and Solutions (Page-15)3 Teletraffic Engineering (Page-45) 4 Performance Evaluation (Page-57) 5 Fundamentals of Simulation (Page-69) 6 Traffic Models (Page-81) PART II ATM QUEUEING AND TRAFFIC CONTROL (Page-95) 7 Basic Cell Switching (Page-97)8 Cell-Scale Queueing (Page-113)9 Burst-Scale Queueing (Page-125)10 Connection Admission Control (Page-149)11 Usage Parameter Control (Page-167)12 Dimensioning (Page-187)13 Priority Control (Page-205) PART III IP PERFORMANCE AND TRAFFICMANAGEMENT (Page-227)14 Basic Packet Queueing (Page-229)15 Resource Reservation(Page- 253)16 IP Buffer Management (Page-267)17 Self-similar Traffic (Page-287) 4aATM: telekommunikatonsteknik 4aData?f?g 4aData?f?g 4aDatakommunikation1 aSchormans, J. A. 2ddccBK c191482d191482 00102ddc40708NFICaMCSbMCSd2016-12-12l0o621.382 PITpMCSEB-743r2016-12-08w2016-12-12yBK